000 00321 a2200145 4500
001 151402
040 _cEscola São Tomás de Aquino
100 _aMACHADO, Ana Maria
240 1 0 _aTroca-troca
_lpor
245 1 0 _aTroca-troca
362 0 _a1988
440 1 _aSalamandra
697 _a*LITERATURA INFANTIL
942 _cBK
999 _c151402
_d151402